|
|
|
|
| LEADER |
00000nam a2200000Ia 4500 |
| 008 |
141002s1998 cl 000 | und d |
| 999 |
|
|
|c 1752
|d 1752
|
| 090 |
|
|
|a 06.03.06
|b 1310
|
| 110 |
1 |
|
|a Chile. Ministerio de Educación. División de Educación Superior
|9 3584
|
| 245 |
1 |
3 |
|a El Impacto de la globalización en la educación superior chilena /
|c Ministerio de Educación, División de Educación Superior
|
| 260 |
|
|
|a Chile :
|b Ministerio de Educación,
|c 1998
|
| 300 |
|
|
|a 411 páginas
|
| 650 |
1 |
4 |
|a EDUCACIÓN SUPERIOR
|9 8
|
| 650 |
1 |
4 |
|a GLOBALIZACIÓN
|9 266
|
| 650 |
1 |
4 |
|a CULTURA
|9 378
|
| 650 |
1 |
4 |
|a UNIVERSIDADES
|9 16
|
| 942 |
|
|
|i 002058
|h 06.03.06 1310
|2 z
|c 01
|